000 00528nam a2200181 a 4500
001 000048403
005 20201002061128.0
008 190226s1997 dr r 000 0 spa d
040 _aDO-SdBNP
_bspa
_cBNPHU
082 _axxxx
_bM425f
100 1 _aMateo, Andrés
_958454
245 1 0 _aFelicidad y verdad :
_btarea nuestra de cada día /
_cAndrés Mateo.
260 _aSanto Domingo :
_bEdiciones MSC,
_c1997.
300 _a250 p. ;
_c23 cm.
490 1 _aLuz
_v13
590 _aInventariado, 2019 / DG
830 0 _aLuz
_n13
_975810
999 _c47891
_d47891